Bases para la concesión de bolsas de viaje y estudio / Academia Provincial de Bellas Artes de Barcelona
Descripción Física:
6 p. ; 18 cm
MARC
| LEADER | 00000nam a2200000Ia 4500 | ||
|---|---|---|---|
| 001 | 21152 | ||
| 008 | 160829s1906 xx 000 0 cat d | ||
| 080 | |a 3385, exp. 1 | ||
| 110 | 2 | |a Academia Provincial de Bellas Artes de Barcelona |9 55093 | |
| 245 | |a Bases para la concesión de bolsas de viaje y estudio / Academia Provincial de Bellas Artes de Barcelona | ||
| 260 | |a Barcelona : |b Imp. Barcelonesa, |c 1906 | ||
| 300 | |a 6 p. ; |c 18 cm | ||
| 650 | |a Academia Provincial de Bellas Artes de San Jorge de Barcelona | ||
| 901 | |a Arxiu | ||
| 942 | |n 1 | ||
| 952 | |0 0 |1 0 |4 0 |6 3385_EXP_1 |7 1 |9 51540 |a Arxiu |b Arxiu |d 2016-12-01 |l 0 |o 3385, exp. 1 |p 21152 |r 2016-12-01 00:00:00 |w 2016-12-01 |y ARXIU | ||
| 999 | |c 55385 |d 55385 | ||